Library Banner

Intermediate accounting (Record no. 15389)

MARC details
000 -LEADER
fixed length control field 00481nam a2200193Ia 4500
001 - CONTROL NUMBER
control field 14821
008 - FIXED-LENGTH DATA ELEMENTS--GENERAL INFORMATION
fixed length control field 140403s9999 xx 000 0 und d
020 ## - INTERNATIONAL STANDARD BOOK NUMBER
International Standard Book Number 0-471-59759-7
040 ## - CATALOGING SOURCE
Transcribing agency PK-LaUMT
082 ## - DEWEY DECIMAL CLASSIFICATION NUMBER
Classification number 657.044
Item number KIE-I
100 ## - MAIN ENTRY--PERSONAL NAME
Personal name Kieso, Donald E.
245 ## - TITLE STATEMENT
Title Intermediate accounting
Statement of responsibility, etc Kieso, Donald E.<>Weygandt, Jerry J., J.A.
260 ## - PUBLICATION, DISTRIBUTION, ETC. (IMPRINT)
Date of publication, distribution, etc 1995
300 ## - PHYSICAL DESCRIPTION
Extent 1412 p.
546 ## - LANGUAGE NOTE
Language note EN
650 ## - SUBJECT ADDED ENTRY--TOPICAL TERM
Topical term or geographic name as entry element Accounting
700 ## - ADDED ENTRY--PERSONAL NAME
Personal name Weygandt, Jerry J., J.A.
942 ## - ADDED ENTRY ELEMENTS (KOHA)
Koha item type Books
Holdings
Withdrawn status Lost status Damaged status Not for loan Home library Current library Date acquired Total Checkouts Full call number Barcode Date last seen Date checked out Price effective from Koha item type
        UMT Main Campus UMT Main Campus 2014-04-03 1 657.044 KIE-I 17072 2023-08-04 2023-03-20 2014-04-22 Books